Statistiques concernant Entraineurs ayant gagné la Ligue des Champions (2000-2023)

Cliquez ici pour prendre le quiz!

Statistiques générales

  • Ce quiz a été pris 243 fois
  • Le résultat moyen est 18 sur 24

Statistiques - réponses

AnéeeEquipeNationalitéRéponse% Correct
2023Manchester CityEspagnolPep Guardiola
99%
2011BarceloneEspagnolPep Guardiola
99%
2009BarceloneEspagnolPep Guardiola
99%
2017Real MadridFrançaisZinedine Zidane
99%
2016Real MadridFrançaisZinedine Zidane
99%
2018Real MadridFrançaisZinedine Zidane
99%
2003AC MilanItalienCarlo Ancelotti
98%
2007AC MilanItalienCarlo Ancelotti
98%
2022Real MadridItalienCarlo Ancelotti
98%
2014Real MadridItalienCarlo Ancelotti
98%
2019LiverpoolAllemandJurgen Klopp
96%
2004PortoPortugaisJosé Mourinho
94%
2010Inter MilanPortugaisJose Mourinho
94%
2021ChelseaAllemandThomas Tuchel
94%
2015BarceloneEspagnolLuis Enrique
86%
2008Manchester UnitedEcossaisSir Alex Ferguson
81%
2020Bayern MunichAllemandHansi Flick
66%
2005LiverpoolEspagnolRafa Benitez
60%
2006BarceloneNéerlandaisFrank Rijkaard
46%
2000Real MadridEspagnolVincente del Bosque
35%
2002Real MadridEspagnolVincente del Bosque
35%
2012ChelseaItalienRoberto di Matteo
33%
2013Bayern MunichAllemandJupp Heynckes
32%
2001Bayern MunichAllemandOmar Hitzfield
2%

Distribution des résultats

Percentile par nombre de réponses

% des personnes avec chaque résultat

Votre développement - résultats

Vous n’avez pas pris ce quiz